[Event "Int SVK-ch Open 2020"]
[Site "Drienica"]
[Date "2020.08.09"]
[Round "3.2"]
[White "Lehocz, Jozsef"]
[Black "Kukan, Michal"]
[Result "1-0"]
[WhiteElo "1959"]
[BlackElo "1769"]
[Annotator "ChessBase"]
[PlyCount "83"]
[EventDate "2020.08.07"]
[EventType "swiss"]
[EventCountry "SVK"]
[SourceTitle "playchess.com"]
[Source "ChessBase"]
[SourceQuality "1"]
[TimeControl "40/5400+30:1800+30"]

1. e4 {[%emt 0:00:00]} d6 {[%emt 0:00:00]} 2. d4 {[%emt 0:00:00]} g6 {[%emt 0:00:00]} 3. c4 {[%emt 0:01:29]} Bg7 {[%emt 0:00:45]} 4. Nc3 {[%emt 0:00:05]} e6 {[%emt 0:00:44]} 5. Be3 {[%emt 0:00:43]} Nf6 {[%emt 0:00:19]} 6. Bd3 {[%emt 0:00:58]} O-O {[%emt 0:00:21]} 7. f3 {[%emt 0:00:29]} e5 {[%emt 0:01:17]} 8. d5 {[%emt 0:00:58]} Nbd7 {[%emt 0:01:53]} 9. Qd2 {[%emt 0:03:46]} a6 {[%emt 0:05:30]} 10. Nge2 {[%emt 0:00:43]} Re8 {[%emt 0:01:19]} 11. g4 {[%emt 0:03:23]} h5 {[%emt 0:02:42]} 12. Bg5 {[%emt 0:03:34]} h4 {[%emt 0:03:42]} 13. O-O-O {[%emt 0:00:46]} Nc5 {[%emt 0:06:59]} 14. Kb1 {[%emt 0:00:34]} Kh7 {[%emt 0:01:50]} 15. Qe1 {[%emt 0:02:56]} Rh8 {[%emt 0:02:33]} 16. Bxh4 {[%emt 0:03:39]} Qe8 {[%emt 0:02:31]} 17. Bc2 {[%emt 0:11:19]} b5 {[%emt 0:01:09]} 18. b4 {[%emt 0:02:23]} Na4 {[%emt 0:08:55]} 19. Nxa4 {[%emt 0:06:55]} bxa4 {[%emt 0:00:11]} 20. Bg5 {[%emt 0:01:33]} c5 {[%emt 0:01:40]} 21. bxc5 {[%emt 0:04:00]} Rb8+ {[%emt 0:01:41]} 22. Ka1 {[%emt 0:00:21]} dxc5 {[%emt 0:02:07]} 23. Rb1 {[%emt 0:01:30]} Rxb1+ {[%emt 0:02:08]} 24. Qxb1 {[%emt 0:00:05]} Qd8 {[%emt 0:07:48]} 25. Bxa4 {[%emt 0:04:39]} Qa5 {[%emt 0:00:18]} 26. Qc2 {[%emt 0:00:29]} Bd7 {[%emt 0:01:48]} 27. Bxd7 {[%emt 0:00:45]} Nxd7 {[%emt 0:00:12]} 28. Bd2 {[%emt 0:00:48]} Qc7 {[%emt 0:01:16]} 29. h4 {[%emt 0:00:26]} f6 {[%emt 0:05:20]} 30. h5 {[%emt 0:04:40]} Kg8 {[%emt 0:01:01]} 31. Ng3 {[%emt 0:00:25]} gxh5 {[%emt 0:04:51]} 32. gxh5 {[%emt 0:01:42]} Kf7 {[%emt 0:03:42]} 33. h6 {[%emt 0:02:58]} Bf8 {[%emt 0:00:19]} 34. Nf5 {[%emt 0:00:13]} Qa7 {[%emt 0:01:46]} 35. Qa4 {[%emt 0:01:42]} Nb8 {[%emt 0:03:42]} 36. Qa5 {[%emt 0:04:23]} Rg8 {[%emt 0:01:46]} 37. Be3 {[%emt 0:01:29]} Nd7 {[%emt 0:02:20]} 38. Rb1 {[%emt 0:02:14]} Rg2 {[%emt 0:02:18]} 39. h7 {[%emt 0:03:31]} Bg7 {[%emt 0:05:20]} 40. Qd8 {[%emt 0:00:51]} Nf8 {[%emt 0:00:54]} 41. Nd6+ {[%emt 0:39:27]} Kg6 {[%emt 0:31:04]} 42. h8=Q {[%emt 0:01:48]} 1-0

[Event "Int SVK-ch Open 2020"]
[Site "Drienica"]
[Date "2020.08.09"]
[Round "3.3"]
[White "Panko, Radoslav"]
[Black "Manik, Mikulas"]
[Result "1/2-1/2"]
[WhiteElo "2025"]
[BlackElo "2366"]
[Annotator "ChessBase"]
[PlyCount "40"]
[EventDate "2020.08.07"]
[EventType "swiss"]
[EventCountry "SVK"]
[SourceTitle "playchess.com"]
[Source "ChessBase"]
[SourceQuality "1"]
[TimeControl "40/5400+30:1800+30"]

1. d4 {[%emt 0:00:00]} Nf6 {[%emt 0:00:00]} 2. Bg5 {[%emt 0:00:00]} Ne4 {[%emt 0:00:00]} 3. Bf4 {[%emt 0:00:08]} c5 {[%emt 0:00:00]} 4. f3 {[%emt 0:00:09]} Qa5+ {[%emt 0:00:29]} 5. c3 {[%emt 0:00:10]} Nf6 {[%emt 0:00:18]} 6. d5 {[%emt 0:00:13]} e6 {[%emt 0:00:35]} 7. e4 {[%emt 0:00:31]} exd5 {[%emt 0:00:17]} 8. exd5 {[%emt 0:00:28]} d6 {[%emt 0:00:43]} 9. Na3 {[%emt 0:01:55]} Be7 {[%emt 0:00:03]} 10. Nc4 {[%emt 0:00:16]} Qc7 {[%emt 0:01:05]} 11. a4 {[%emt 0:01:33]} O-O {[%emt 0:00:10]} 12. Kf2 {[%emt 0:02:03]} Nh5 {[%emt 0:01:01]} 13. Be3 {[%emt 0:01:31]} f5 {[%emt 0:06:32]} 14. g3 {[%emt 0:04:46]} Nd7 {[%emt 0:05:26]} 15. Nh3 {[%emt 0:03:28]} b6 {[%emt 0:04:10]} 16. Bg5 {[%emt 0:21:31]} Ndf6 {[%emt 0:07:02]} 17. Ne3 {[%emt 0:03:27]} Bd7 {[%emt 0:04:41]} 18. Kg2 {[%emt 0:08:36]} g6 {[%emt 0:08:12]} 19. Bh6 {[%emt 0:09:01]} Rfe8 {[%emt 0:03:23]} 20. Qd2 {[%emt 0:00:47]} Bf8 {[%emt 0:02:50]} 1/2-1/2

[Event "Int SVK-ch Open 2020"]
[Site "Drienica"]
[Date "2020.08.09"]
[Round "3.3"]
[White "Skovran, Jaroslav"]
[Black "Furman, Slavomir"]
[Result "1/2-1/2"]
[WhiteElo "1975"]
[BlackElo "1754"]
[Annotator "ChessBase"]
[PlyCount "77"]
[EventDate "2020.08.07"]
[EventType "swiss"]
[EventCountry "SVK"]
[SourceTitle "playchess.com"]
[Source "ChessBase"]
[SourceQuality "1"]
[TimeControl "40/5400+30:1800+30"]

1. e4 {[%emt 0:00:00]} e5 {[%emt 0:00:00]} 2. Nf3 {[%emt 0:00:00]} Nf6 {[%emt 0:00:03]} 3. Nxe5 {[%emt 0:00:08]} d6 {[%emt 0:00:14]} 4. Nf3 {[%emt 0:00:12]} Nxe4 {[%emt 0:00:13]} 5. Nc3 {[%emt 0:00:14]} Nxc3 {[%emt 0:00:29]} 6. dxc3 {[%emt 0:00:02]} Be7 {[%emt 0:00:18]} 7. Be3 {[%emt 0:00:10]} Nc6 {[%emt 0:00:42]} 8. Qd2 {[%emt 0:00:44]} Be6 {[%emt 0:00:53]} 9. Be2 {[%emt 0:02:40]} Qd7 {[%emt 0:00:31]} 10. h3 {[%emt 0:01:07]} h6 {[%emt 0:02:26]} 11. Bb5 {[%emt 0:00:13]} a6 {[%emt 0:02:01]} 12. Bd3 {[%emt 0:01:46]} Bf6 {[%emt 0:03:03]} 13. Nd4 {[%emt 0:04:38]} Nxd4 {[%emt 0:02:55]} 14. cxd4 {[%emt 0:01:01]} Bf5 {[%emt 0:04:09]} 15. O-O-O {[%emt 0:02:29]} Bxd3 {[%emt 0:01:54]} 16. Qxd3 {[%emt 0:00:05]} O-O-O {[%emt 0:00:39]} 17. d5 {[%emt 0:00:26]} Rde8 {[%emt 0:08:36]} 18. Kb1 {[%emt 0:03:38]} Re7 {[%emt 0:02:20]} 19. Rd2 {[%emt 0:09:26]} Rhe8 {[%emt 0:02:17]} 20. Rc1 {[%emt 0:00:38]} Qb5 {[%emt 0:11:59]} 21. c4 {[%emt 0:00:25]} Qa5 {[%emt 0:23:43]} 22. Rdc2 {[%emt 0:03:45]} Kb8 {[%emt 0:07:37]} 23. a3 {[%emt 0:02:25]} Bg5 {[%emt 0:03:14]} 24. Bxg5 {[%emt 0:00:57]} hxg5 {[%emt 0:00:12]} 25. c5 {[%emt 0:00:09]} Re5 {[%emt 0:07:18]} 26. Ka2 {[%emt 0:01:53]} Qb5 {[%emt 0:02:16]} 27. Qxb5 {[%emt 0:03:21]} axb5 {[%emt 0:00:04]} 28. cxd6 {[%emt 0:00:17]} cxd6 {[%emt 0:00:07]} 29. Rc7 {[%emt 0:00:24]} R8e7 {[%emt 0:00:35]} 30. Rxe7 {[%emt 0:02:07]} Rxe7 {[%emt 0:00:06]} 31. Rc2 {[%emt 0:00:29]} Re5 {[%emt 0:01:04]} 32. Rd2 {[%emt 0:00:35]} Kc7 {[%emt 0:01:44]} 33. Kb3 {[%emt 0:00:46]} Kb6 {[%emt 0:00:39]} 34. Kb4 {[%emt 0:01:09]} Re4+ {[%emt 0:01:46]} 35. Kc3 {[%emt 0:00:37]} Rc4+ 36. Kd3 Kc5 37. Re2 Kxd5 38. Re7 Rf4 39. f3 1/2-1/2

[Event "Int SVK-ch Open 2020"]
[Site "Drienica"]
[Date "2020.08.09"]
[Round "3.4"]
[White "Varga, Lukas"]
[Black "Istona, Martin"]
[Result "0-1"]
[WhiteElo "2040"]
[BlackElo "2267"]
[Annotator "ChessBase"]
[PlyCount "52"]
[EventDate "2020.08.07"]
[EventType "swiss"]
[EventCountry "SVK"]
[SourceTitle "playchess.com"]
[Source "ChessBase"]
[SourceQuality "1"]
[TimeControl "40/5400+30:1800+30"]

1. e4 {[%emt 0:00:00]} c5 {[%emt 0:03:32]} 2. Nf3 {[%emt 0:00:00]} d6 {[%emt 0:00:19]} 3. d4 {[%emt 0:00:05]} cxd4 {[%emt 0:00:05]} 4. Nxd4 {[%emt 0:00:05]} e6 {[%emt 0:00:18]} 5. Nc3 {[%emt 0:00:35]} a6 {[%emt 0:00:07]} 6. Be2 {[%emt 0:06:19]} Ne7 {[%emt 0:03:46]} 7. Be3 {[%emt 0:05:14]} Nec6 {[%emt 0:02:31]} 8. Nb3 {[%emt 0:05:49]} Be7 {[%emt 0:00:30]} 9. a4 {[%emt 0:03:33]} O-O {[%emt 0:03:50]} 10. Qd2 {[%emt 0:04:34]} Nd7 {[%emt 0:02:13]} 11. O-O-O {[%emt 0:02:57]} Qc7 {[%emt 0:10:37]} 12. f4 {[%emt 0:04:42]} Nc5 {[%emt 0:07:12]} 13. Kb1 {[%emt 0:03:11]} Nxb3 {[%emt 0:07:00]} 14. cxb3 {[%emt 0:00:07]} Bd7 {[%emt 0:01:44]} 15. g4 {[%emt 0:02:45]} Na5 {[%emt 0:04:17]} 16. Qc2 {[%emt 0:04:09]} Rfc8 {[%emt 0:00:45]} 17. Rc1 {[%emt 0:00:43]} Qd8 {[%emt 0:01:22]} 18. b4 {[%emt 0:04:18]} Nc4 {[%emt 0:04:49]} 19. Bf2 {[%emt 0:01:45]} d5 {[%emt 0:06:19]} 20. Bf3 {[%emt 0:05:38]} Bxb4 {[%emt 0:02:03]} 21. exd5 {[%emt 0:01:54]} Na3+ {[%emt 0:06:05]} 22. bxa3 {[%emt 0:00:08]} Rxc3 {[%emt 0:00:17]} 23. Qe4 {[%emt 0:00:40]} Rb3+ {[%emt 0:00:47]} 24. Ka2 {[%emt 0:00:13]} Rxa3+ {[%emt 0:00:20]} 25. Kb2 {[%emt 0:00:08]} Rxa4 {[%emt 0:03:16]} 26. Rc4 {[%emt 0:00:43]} Qa5 {[%emt 0:01:04]} 0-1

[Event "Int SVK-ch Open 2020"]
[Site "Drienica"]
[Date "2020.08.09"]
[Round "3.4"]
[White "Svobodova, Michaela"]
[Black "Malinovsky, Jozef"]
[Result "1-0"]
[WhiteElo "1964"]
[BlackElo "1698"]
[Annotator "ChessBase"]
[PlyCount "93"]
[EventDate "2020.08.07"]
[EventType "swiss"]
[EventCountry "SVK"]
[SourceTitle "playchess.com"]
[Source "ChessBase"]
[SourceQuality "1"]
[TimeControl "40/5400+30:1800+30"]

1. e4 {[%emt 0:00:00]} c5 {[%emt 0:00:40]} 2. Nf3 {[%emt 0:00:00]} a6 {[%emt 0:01:53]} 3. c4 {[%emt 0:05:24]} Nc6 {[%emt 0:02:47]} 4. d4 {[%emt 0:02:05]} cxd4 {[%emt 0:00:35]} 5. Nxd4 {[%emt 0:00:30]} e5 {[%emt 0:02:33]} 6. Nf3 {[%emt 0:07:13]} Nf6 {[%emt 0:03:54]} 7. Nc3 {[%emt 0:04:04]} Bb4 {[%emt 0:00:31]} 8. Bd3 {[%emt 0:04:38]} d6 {[%emt 0:01:40]} 9. Bd2 {[%emt 0:04:20]} Bg4 {[%emt 0:01:36]} 10. h3 {[%emt 0:04:37]} Bh5 {[%emt 0:01:16]} 11. a3 {[%emt 0:05:48]} Bxc3 {[%emt 0:04:47]} 12. Bxc3 {[%emt 0:00:55]} O-O {[%emt 0:01:50]} 13. g4 {[%emt 0:08:24]} Bg6 {[%emt 0:00:07]} 14. Qe2 {[%emt 0:00:44]} Qc7 {[%emt 0:03:05]} 15. Nh4 {[%emt 0:05:45]} Nd7 {[%emt 0:02:49]} 16. Rd1 {[%emt 0:05:59]} Nc5 {[%emt 0:00:24]} 17. Bc2 {[%emt 0:03:38]} Ne6 {[%emt 0:00:12]} 18. Nf5 {[%emt 0:02:09]} Rad8 {[%emt 0:02:16]} 19. h4 {[%emt 0:02:14]} f6 {[%emt 0:00:28]} 20. Rd2 {[%emt 0:04:32]} Rd7 {[%emt 0:01:35]} 21. Qd1 {[%emt 0:01:35]} Bxf5 {[%emt 0:00:29]} 22. gxf5 {[%emt 0:01:06]} Ned4 {[%emt 0:00:30]} 23. h5 {[%emt 0:03:42]} h6 {[%emt 0:00:34]} 24. Rg1 {[%emt 0:00:57]} Rff7 {[%emt 0:04:23]} 25. Bb1 {[%emt 0:02:36]} Qb6 {[%emt 0:00:58]} 26. c5 {[%emt 0:02:31]} dxc5 {[%emt 0:00:56]} 27. Ba2 {[%emt 0:00:39]} Kf8 {[%emt 0:00:22]} 28. Bxf7 {[%emt 0:00:56]} Rxf7 {[%emt 0:00:20]} 29. Rd3 {[%emt 0:01:28]} Qb3 {[%emt 0:04:16]} 30. Qxb3 {[%emt 0:03:23]} Nxb3 {[%emt 0:00:02]} 31. Bxe5 {[%emt 0:01:09]} Nxe5 {[%emt 0:01:34]} 32. Rxb3 {[%emt 0:00:15]} c4 {[%emt 0:00:52]} 33. Rc3 {[%emt 0:01:25]} b5 {[%emt 0:05:52]} 34. Ke2 {[%emt 0:00:42]} Nd3 {[%emt 0:01:25]} 35. b3 {[%emt 0:01:03]} Rc7 {[%emt 0:01:20]} 36. Rd1 {[%emt 0:02:52]} Rd7 {[%emt 0:04:21]} 37. Ke3 {[%emt 0:01:37]} Ke7 {[%emt 0:01:46]} 38. bxc4 {[%emt 0:00:28]} bxc4 {[%emt 0:00:03]} 39. Rxc4 {[%emt 0:00:36]} Ne5 {[%emt 0:00:27]} 40. Rxd7+ {[%emt 0:00:30]} Kxd7 {[%emt 0:00:10]} 41. Rc1 {[%emt 0:34:01]} Ng4+ {[%emt 0:30:37]} 42. Kd4 {[%emt 0:00:00]} Ne5 {[%emt 0:00:00]} 43. Kd5 {[%emt 0:00:00]} Nd3 {[%emt 0:00:00]} 44. Rh1 {[%emt 0:00:00]} a5 {[%emt 0:00:00]} 45. Kd4 {[%emt 0:00:00]} Ne5 {[%emt 0:00:00]} 46. f4 {[%emt 0:00:00]} Nc6+ {[%emt 0:00:00]} 47. Kc5 {[%emt 0:00:00]} 1-0

[Event "Int SVK-ch Open 2020"]
[Site "Drienica"]
[Date "2020.08.09"]
[Round "3.5"]
[White "Garancovsky, Pavol"]
[Black "Kolesar, Milan"]
[Result "1/2-1/2"]
[WhiteElo "2027"]
[BlackElo "2186"]
[Annotator "NA"]
[PlyCount "33"]
[EventDate "2020.08.07"]
[EventType "swiss"]
[EventCountry "SVK"]
[SourceTitle "playchess.com"]
[Source "ChessBase"]
[SourceQuality "1"]
[TimeControl "40/5400+30:1800+30"]

1. e4 {[%emt 0:04:02]} c5 {[%emt 0:00:00]} 2. Nf3 {[%emt 0:00:09]} d6 {[%emt 0:00:00]} 3. d4 {[%emt 0:01:51]} cxd4 {[%emt 0:00:00]} 4. Nxd4 {[%emt 0:00:11]} Nf6 {[%emt 0:00:00]} 5. Nc3 {[%emt 0:00:05]} Nc6 {[%emt 0:00:00]} 6. Bc4 {[%emt 0:00:46]} Qb6 {[%emt 0:00:10]} 7. Nb3 {[%emt 0:04:43]} e6 {[%emt 0:00:12]} 8. f4 {[%emt 0:07:31]} a6 {[%emt 0:05:23]} 9. Qe2 {[%emt 0:04:32]} Qc7 {[%emt 0:02:16]} 10. a4 {[%emt 0:00:12]} Be7 {[%emt 0:02:23]} 11. Be3 {[%emt 0:07:24]} Nb4 {[%emt 0:05:24]} 12. O-O-O {[%emt 0:15:33]} d5 {[%emt 0:12:14]} 13. exd5 {[%emt 0:01:25]} exd5 {[%emt 0:00:33]} 14. Bxd5 $11 {[%emt 0:05:04]} Nbxd5 {[%emt 0:02:20]} 15. Rxd5 {[%emt 0:00:37]} Be6 {[%emt 0:03:47]} 16. Rd4 {[%emt 0:04:13]} O-O {[%emt 0:02:54]} 17. f5 {[%emt 0:04:36]} 1/2-1/2

[Event "Int SVK-ch Open 2020"]
[Site "Drienica"]
[Date "2020.08.09"]
[Round "3.5"]
[White "Panko, Eduard"]
[Black "Budjac, Martin"]
[Result "0-1"]
[WhiteElo "1991"]
[BlackElo "1511"]
[Annotator "ChessBase"]
[PlyCount "52"]
[EventDate "2020.08.07"]
[EventType "swiss"]
[EventCountry "SVK"]
[SourceTitle "playchess.com"]
[Source "ChessBase"]
[SourceQuality "1"]
[TimeControl "40/5400+30:1800+30"]

1. c3 {[%emt 0:00:00]} d5 {[%emt 0:00:00]} 2. d3 {[%emt 0:00:03]} g6 {[%emt 0:00:29]} 3. Bf4 {[%emt 0:00:41]} Nf6 {[%emt 0:01:32]} 4. Nf3 {[%emt 0:00:29]} Bg7 {[%emt 0:02:54]} 5. h3 {[%emt 0:01:05]} O-O {[%emt 0:01:26]} 6. Qd2 {[%emt 0:00:27]} Re8 {[%emt 0:02:24]} 7. Na3 {[%emt 0:01:00]} a6 {[%emt 0:00:33]} 8. Ne5 {[%emt 0:00:22]} Nbd7 {[%emt 0:03:41]} 9. e3 {[%emt 0:01:17]} Nxe5 {[%emt 0:00:50]} 10. Bxe5 {[%emt 0:00:09]} c5 {[%emt 0:01:45]} 11. Be2 {[%emt 0:00:56]} Bh6 {[%emt 0:07:31]} 12. g4 {[%emt 0:05:11]} Nd7 {[%emt 0:03:52]} 13. Bf4 {[%emt 0:03:21]} Bxf4 {[%emt 0:00:19]} 14. exf4 {[%emt 0:00:13]} e5 {[%emt 0:00:10]} 15. fxe5 {[%emt 0:02:01]} Nxe5 {[%emt 0:00:19]} 16. O-O-O {[%emt 0:00:14]} b5 {[%emt 0:02:47]} 17. f4 {[%emt 0:01:33]} b4 {[%emt 0:00:07]} 18. cxb4 {[%emt 0:05:24]} cxb4 {[%emt 0:00:14]} 19. Qxb4 {[%emt 0:01:02]} Nc6 {[%emt 0:01:56]} 20. Qc5 {[%emt 0:09:52]} Rxe2 {[%emt 0:05:25]} 21. Qxc6 {[%emt 0:00:46]} Bxg4 {[%emt 0:22:05]} 22. Qa4 {[%emt 0:11:46]} Qb6 {[%emt 0:03:18]} 23. Nc2 {[%emt 0:08:42]} Rc8 {[%emt 0:05:33]} 24. hxg4 {[%emt 0:06:30]} Qf2 {[%emt 0:00:33]} 25. Kb1 {[%emt 0:09:44]} Rcxc2 {[%emt 0:00:31]} 26. Rd2 {[%emt 0:01:58]} Rcxd2 0-1

[Event "Int SVK-ch Open 2020"]
[Site "Drienica"]
[Date "2020.08.09"]
[Round "3.6"]
[White "Priechodsky, Radovan"]
[Black "Bochnicka, Vladimir"]
[Result "1/2-1/2"]
[WhiteElo "1975"]
[BlackElo "2123"]
[Annotator "RC"]
[PlyCount "65"]
[EventDate "2020.08.07"]
[EventType "swiss"]
[EventCountry "SVK"]
[SourceTitle "playchess.com"]
[Source "ChessBase"]
[SourceQuality "1"]
[TimeControl "40/5400+30:1800+30"]

1. d4 {[%emt 0:00:00]} Nf6 {[%emt 0:00:00]} 2. Nf3 {[%emt 0:00:00]} d5 {[%emt 0:00:00]} 3. Bf4 {[%emt 0:00:00]} c5 {[%emt 0:00:00]} 4. c3 {[%emt 0:00:41]} Nc6 {[%emt 0:00:00]} 5. e3 {[%emt 0:00:08]} Qb6 {[%emt 0:00:11]} 6. Qb3 {[%emt 0:00:06]} c4 {[%emt 0:00:12]} 7. Qc2 {[%emt 0:00:57]} Bf5 {[%emt 0:00:14]} 8. Qc1 {[%emt 0:00:05]} h6 {[%emt 0:00:30]} 9. h3 {[%emt 0:02:04]} e6 {[%emt 0:00:37]} 10. Nbd2 {[%emt 0:01:06]} Qd8 {[%emt 0:01:11]} 11. b3 {[%emt 0:08:21]} b5 {[%emt 0:01:56]} 12. Be2 {[%emt 0:08:52]} Be7 {[%emt 0:01:35]} 13. Ne5 {[%emt 0:15:49]} Nxe5 {[%emt 0:02:05]} 14. Bxe5 {[%emt 0:03:58]} O-O {[%emt 0:01:20]} 15. O-O {[%emt 0:02:45]} Bd6 {[%emt 0:13:17]} 16. Bxd6 {[%emt 0:17:56]} Qxd6 {[%emt 0:00:07]} 17. a4 {[%emt 0:03:00]} a6 {[%emt 0:01:12]} 18. axb5 {[%emt 0:00:48]} axb5 {[%emt 0:00:31]} 19. Qb2 {[%emt 0:06:17]} Qc6 {[%emt 0:03:05]} 20. b4 {[%emt 0:02:34]} Nd7 {[%emt 0:01:53]} 21. Rxa8 {[%emt 0:09:15]} Rxa8 {[%emt 0:00:08]} 22. Ra1 {[%emt 0:00:28]} Ra6 {[%emt 0:00:57]} 23. Ra5 {[%emt 0:03:07]} Rxa5 {[%emt 0:13:31]} 24. bxa5 {[%emt 0:00:09]} Nb8 {[%emt 0:00:19]} 25. Nb1 {[%emt 0:11:29]} Bxb1 {[%emt 0:30:24]} 26. Qxb1 {[%emt 0:00:08]} Qb7 {[%emt 0:01:25]} 27. Qb4 {[%emt 0:02:53]} Nc6 {[%emt 0:00:15]} 28. Qd6 {[%emt 0:00:17]} g6 {[%emt 0:02:32]} 29. Bd1 {[%emt 0:00:44]} Kg7 {[%emt 0:00:41]} 30. h4 {[%emt 0:00:23]} Nxa5 {[%emt 0:10:25]} 31. h5 {[%emt 0:00:13]} gxh5 {[%emt 0:10:17]} 32. Qe5+ {[%emt 0:00:52]} Kf8 {[%emt 0:00:12]} 33. Qd6+ {[%emt 0:00:19]} 1/2-1/2

[Event "Int SVK-ch Open 2020"]
[Site "Drienica"]
[Date "2020.08.09"]
[Round "3.6"]
[White "Paluska, Karol"]
[Black "Hlavac, Peter"]
[Result "1/2-1/2"]
[WhiteElo "1873"]
[BlackElo "1952"]
[Annotator "ChessBase"]
[PlyCount "137"]
[EventDate "2020.08.07"]
[EventType "swiss"]
[EventCountry "SVK"]
[SourceTitle "playchess.com"]
[Source "ChessBase"]
[SourceQuality "1"]
[TimeControl "40/5400+30:1800+30"]

1. d4 {[%emt 0:00:00]} Nf6 {[%emt 0:00:00]} 2. Nf3 {[%emt 0:00:00]} c5 {[%emt 0:00:22]} 3. d5 {[%emt 0:00:20]} b5 {[%emt 0:00:30]} 4. c4 {[%emt 0:00:30]} b4 {[%emt 0:00:30]} 5. Nbd2 {[%emt 0:00:30]} d6 {[%emt 0:00:30]} 6. e4 {[%emt 0:00:30]} e5 {[%emt 0:08:43]} 7. Bd3 {[%emt 0:03:52]} Be7 {[%emt 0:04:36]} 8. O-O {[%emt 0:01:10]} O-O {[%emt 0:00:06]} 9. Re1 {[%emt 0:03:26]} Nbd7 {[%emt 0:04:23]} 10. Nf1 {[%emt 0:00:30]} a5 {[%emt 0:00:58]} 11. Ne3 {[%emt 0:00:54]} g6 {[%emt 0:00:47]} 12. Nf1 {[%emt 0:01:17]} Ba6 {[%emt 0:04:14]} 13. Bh6 {[%emt 0:01:51]} Re8 {[%emt 0:00:07]} 14. Ng3 {[%emt 0:09:30]} Ng4 {[%emt 0:03:56]} 15. Bd2 {[%emt 0:06:09]} h5 {[%emt 0:04:42]} 16. h3 {[%emt 0:02:06]} Ngf6 {[%emt 0:00:06]} 17. Bg5 {[%emt 0:03:02]} Nxd5 {[%emt 0:04:36]} 18. cxd5 {[%emt 0:05:58]} Bxg5 {[%emt 0:00:12]} 19. Bxa6 {[%emt 0:04:22]} Rxa6 {[%emt 0:00:11]} 20. Qa4 {[%emt 0:03:04]} Bh6 {[%emt 0:03:34]} 21. Nf1 {[%emt 0:00:44]} Nf6 {[%emt 0:02:42]} 22. Qb5 {[%emt 0:00:53]} Qb6 {[%emt 0:00:22]} 23. Qd3 {[%emt 0:00:22]} Rb8 {[%emt 0:03:05]} 24. N3d2 {[%emt 0:01:56]} Qb5 {[%emt 0:00:32]} 25. Nc4 {[%emt 0:01:44]} Ne8 {[%emt 0:03:43]} 26. g4 {[%emt 0:08:08]} hxg4 {[%emt 0:00:57]} 27. hxg4 {[%emt 0:00:16]} Ra7 {[%emt 0:03:58]} 28. b3 {[%emt 0:04:29]} Qd7 {[%emt 0:01:13]} 29. Qh3 {[%emt 0:05:45]} Bg5 {[%emt 0:01:50]} 30. Nfe3 {[%emt 0:03:21]} Nf6 {[%emt 0:04:59]} 31. Kg2 {[%emt 0:01:00]} Raa8 {[%emt 0:06:31]} 32. Rh1 {[%emt 0:00:37]} Kg7 {[%emt 0:00:23]} 33. f3 {[%emt 0:05:10]} Rh8 {[%emt 0:00:40]} 34. Qg3 {[%emt 0:00:39]} Bf4 {[%emt 0:00:54]} 35. Qf2 Qc7 {[%emt 0:02:50]} 36. Rag1 {[%emt 0:02:48]} Rxh1 {[%emt 0:00:47]} 37. Rxh1 a4 {[%emt 0:03:57]} 38. Qh4 {[%emt 0:06:04]} axb3 {[%emt 0:00:16]} 39. a4 {[%emt 0:01:33]} bxa3 {[%emt 0:03:35]} 40. Nf5+ {[%emt 0:01:33]} gxf5 {[%emt 0:01:01]} 41. g5 {[%emt 0:30:10]} Ng8 {[%emt 0:39:02]} 42. Qh8+ {[%emt 0:10:05]} Kf8 {[%emt 0:01:08]} 43. Rh7 {[%emt 0:00:28]} Ke7 {[%emt 0:09:38]} 44. Rxf7+ {[%emt 0:00:40]} Kxf7 {[%emt 0:01:00]} 45. Qh7+ {[%emt 0:00:09]} Kf8 {[%emt 0:00:50]} 46. Qxc7 {[%emt 0:00:05]} Bxg5 {[%emt 0:01:16]} 47. Qb7 {[%emt 0:02:11]} Ra4 {[%emt 0:02:15]} 48. Qxb3 {[%emt 0:01:18]} Rb4 {[%emt 0:00:14]} 49. Qxa3 {[%emt 0:00:00]} Rxc4 {[%emt 0:00:00]} 50. Qa8+ {[%emt 0:00:00]} Kf7 {[%emt 0:00:00]} 51. exf5 {[%emt 0:00:00]} Be7 {[%emt 0:00:00]} 52. Qc8 {[%emt 0:00:00]} Nf6 {[%emt 0:00:00]} 53. Qe6+ {[%emt 0:00:00]} Kf8 {[%emt 0:00:00]} 54. Qc8+ {[%emt 0:00:00]} Ne8 {[%emt 0:00:00]} 55. Qe6 {[%emt 0:00:00]} Rf4 {[%emt 0:00:00]} 56. Qh6+ {[%emt 0:00:00]} Ng7 57. Kf2 {[%emt 0:00:00]} Rxf5 {[%emt 0:00:00]} 58. Qh8+ {[%emt 0:00:00]} Kf7 {[%emt 0:00:00]} 59. Ke2 {[%emt 0:00:00]} Bf8 {[%emt 0:00:00]} 60. Qh3 {[%emt 0:00:00]} Be7 {[%emt 0:00:00]} 61. Qh8 {[%emt 0:00:00]} Rf4 {[%emt 0:00:00]} 62. Qc8 {[%emt 0:00:00]} Rd4 {[%emt 0:00:00]} 63. Qb7 {[%emt 0:00:00]} Nf5 {[%emt 0:00:00]} 64. Qd7 {[%emt 0:00:00]} Kf6 {[%emt 0:00:00]} 65. Qe6+ {[%emt 0:00:00]} Kg5 {[%emt 0:00:00]} 66. Qg8+ {[%emt 0:00:00]} Kf6 {[%emt 0:00:00]} 67. Qe6+ {[%emt 0:00:00]} Kg5 {[%emt 0:00:00]} 68. Qg8+ {[%emt 0:00:00]} Kh6 {[%emt 0:00:00]} 69. Qe6+ {[%emt 0:00:00]} 1/2-1/2